000 00728nam a2200229 a 4500
008
020 _a0198547196 (hbk.)
049 _aMAIN
090 _aTP248.195.D44
_bMIC
245 0 0 _aMicrobial technology in the developing world /
_cedited by E.J. DaSilva... [et al.]
260 _aOxford :
_bOxford University press ,
_c1987.
300 _aviii, 444 p. :
_bill. ;
_c24 cm.
504 _aIncludes bibliographical references.
500 _aIncludes index.
650 0 _aBiotechnology
_zDeveloping countries.
700 1 _aDaSilva, E.J.
907 _a.b10007593
_b21-02-13
_c17-04-03
003
005 20230120193600.0
040 _cNUST
942 _cBOOKS
_kTP248.195.D44
_mMIC
999 _c101678
_d101678